Classifica Serie A 2017-2018 - Statistics

Statistiche generali
  • Questo quiz è stato fatto 107 volte
  • Il punteggio medio è 18 su 20
Statistiche sulle risposte
Squadra Punti Vinte Pareggiate Perse Gol fatti Gol subiti % Corretto
Inter 72 20 12 6 66 30
99%
Juventus 95 30 5 3 86 24
98%
Milan 64 18 10 10 56 42
98%
Napoli 91 28 7 3 77 29
98%
Roma 77 23 8 7 61 28
98%
Lazio 72 21 9 8 59 49
96%
Torino 54 13 15 10 51 46
96%
Atalanta 60 16 12 10 57 39
95%
Fiorentina 57 16 9 13 51 46
94%
Genoa 41 11 8 19 33 43
94%
Sampdoria 54 16 6 16 56 60
94%
Bologna 39 11 6 21 40 52
93%
Sassuolo 43 11 10 17 29 59
92%
Udinese 40 12 4 22 48 63
92%
ChievoVerona 40 10 10 18 36 59
90%
Cagliari 39 11 6 21 33 61
87%
Hellas Verona 25 7 4 27 30 78
82%
Crotone 35 9 8 21 40 66
81%
Benevento 21 6 3 29 33 84
75%
SPAL 38 8 14 16 39 59
69%
Nessun quiz corrispondente trovato
Distribuzione punteggi
Percentuale di utenti per punteggio
Percentile per numero di risposta
I tuoi punteggi nel tempo
Non hai fatto questo quiz